000 00735cab a2200241 4500
001 ABS49503
008 090401t1993 xxu||||| |||| 00| 0 eng d
035 _a(Sirsi) u71617
041 _aeng
100 _aKelly, G.
245 _aOpening the Windows
260 _c1993
350 _a0
490 _aChartered Quantity Surveyor
_v16(2) October 1993, 17(1)
520 _aThe first of two articles considers the applications of Microsoft`s `Windows` for the quantity surveying profession.
650 _aCOMPUTERS
650 _aQUANTITY SURVEYORS
650 _aWINDOWS SOFTWARE
690 _aMANAGEMENT-BUSINESS MANAGEMENT-INFORMATION MANAGEMENT
690 _aQuantity surveying
_96263
942 _n0
948 _c04/03/1997
999 _c45174
_d45174